000 00654nam a22002297a 4500
003 DO-SdBNP
005 20171130095216.0
008 171113b 1993 fr ||||| |||| 00| 0 spa d
020 _a2070382729
040 _aBPMSU
_bspa
_cBPMSU
092 _axxxx
_bxxxx
100 1 _aDepestre, René Depestre,
_d1926-
245 1 0 _aHadriana dans tous mes rêves /
_cRené Depestre
260 _a[Paris] :
_bGallimard,
_c1993.
300 _a213 p. ;
_c20 cm.
490 1 _aFolio
_v2182
500 _aIncluye datos del autor
830 0 _aFolio
_v2182
942 _2ddc
_cBK
945 _aInventariado 2017 /LP
956 _aLOPEREZ
_b10
_c20171113
_d0041
999 _c12859
_d12859